| 000 | 00438nam a2200145 i 4500 | ||
|---|---|---|---|
| 001 | 24803 | ||
| 003 | ES-MaACL | ||
| 005 | 20230906153131.0 | ||
| 007 | t| | ||
| 008 | 021218s1814 sp ||||1| spa d | ||
| 245 | 0 | 0 | _aApuntes de la vida y hechos de D. Juan Martín Díez, el Empecinado por un administrador de ellos. |
| 260 |
_aMadrid : _b[s.n., _c1814] ( _fFermín Villalpando) |
||
| 300 |
_a91 p. ; _c21 cm. |
||
| 852 |
_aES-MaACL _jC-3339 |
||
| 999 |
_c24803 _d24803 |
||